Operator algebras and topology : proceedings of the OATE 2 Conference, Romania 1989 /

Guardado en:
Autor Corporativo: OATE Conference
Otros Autores: Arveson, William. (Editor )
Formato: Libro
Idioma:English
Publicado: Essex, England : New York : Longman Scientific & Technical ; Wiley, 1992.
Series:Pitman research notes in mathematics series, 270
Materias:
Etiquetas: Agregar Etiqueta
Sin Etiquetas, Sea el primero en etiquetar este registro!
LEADER 01749cam a2200265 a 4500
001 MAT.inmabb003669
008 920218s1992####enk######b####100#0#eng##
005 20170530114337.0
245 0 0 |a Operator algebras and topology :  |b proceedings of the OATE 2 Conference, Romania 1989 /  |c W. B. Arveson ... [et al.] (editors). 
260 |a Essex, England :  |b Longman Scientific & Technical ;  |a New York :  |b Wiley,  |c 1992. 
300 |a 196 p. ;  |c 25 cm. 
440 0 |a Pitman research notes in mathematics series,  |x 0269-3674 ;  |v 270 
504 |a Incluye referencias bibliográficas. 
505 0 |a O. Bratteli and G. A. Elliott, An introduction to fractal $C sp *$-algebras -- J. Fox and P. Haskell, $K$-theory and the spectrum of discrete subgroups of ${ rm spin}(4,1)$ -- A. A. Irmatov and A. S. Mishchenko, Infinitesimal Fredholm structures on infinite-dimensional manifolds -- J. Kaminker and K. P. Wojciechowski, Index theory of $Z/k$ manifolds and the Grassmannian -- Z. A. Lykova, The lower estimate of the global homological dimension of infinite-dimensional CCR-algebras -- E. M. Parker, Graded continuous trace $C sp *$-algebras and duality -- M. A. Rieffel, Some solvable quantum groups -- H. Upmeier, Weyl quantization of complex domains -- M. Wollenberg, Scaling limits and type of local algebras over curved space-time. 
510 4 |a MR,  |c 93e:00027 
020 |a 058209349X 
700 1 |a Arveson, William.  |4 edt 
711 2 |a OATE Conference  |n (2ª :  |d 1989 :  |c Craiova, Rumania) 
650 0 |a Operator algebras  |x Congresses. 
650 0 |a Topology  |x Congresses. 
650 0 |a Ergodic theory  |x Congresses. 
084 |a 00B25 (46-06 46Lxx 47-06 47Dxx)  |2 MR 
010 |a  92004744  
040 |a DLC  |c DLC  |d DLC 
859 |h 00B25  |i Oa11-2  |p A-7570  |b BIB. MATEMATICA